Very Badly Zoomed in Flags - Statistics

General Stats
  • This quiz has been taken 22 times
  • The average score is 9 of 12
Answer Stats
Picture Answer % Correct
Algeria
100%
Ivory Coast
100%
Cambodia
94%
Kiribati
94%
Liberia
94%
New Zealand
94%
Slovenia
94%
Tunisia
89%
Latvia
61%
Sri lanka
44%
Luxembourg
39%
Vanuatu
28%
No matching quizzes found
Score Distribution
Percent of People with Each Score
Percentile by Number Answered
Your Score History
You have not taken this quiz